Cuadernos de Pasado y Presente : Poblemas de la Vida Cotidiana. El Nuevo Curso (León Trotski).

Đã lưu trong:
Chi tiết về thư mục
Định dạng: Sách
Ngôn ngữ:Tiếng Tây Ban Nha
Những chủ đề:
Các nhãn: Thêm thẻ
Không có thẻ, Là người đầu tiên thẻ bản ghi này!

MARC

LEADER 00000nam^a2200000^a^4500
001 000073721
005 20250521000000.0
009 20260310091638.832
037 |a Acervo ITESO - Biblioteca 
041 |a ESP 
082 |a 320. 05  |b CUA V. 27 
245 1 0 |a Cuadernos de Pasado y Presente :  |b Poblemas de la Vida Cotidiana. El Nuevo Curso (León Trotski). 
264 |a Córdoba, Argentina :  |b Ediciones Pasado y Presente,  |c 1971 
300 |a 236 p. 
336 |a texto  |b txt  |2 rdacontenido 
337 |a sin mediación  |b n  |2 rdamedio 
338 |a volumen  |b nc  |2 rdasoporte 
649 |a XX 
650 |a Política -  |x Publicaciones Periódicas Argentinas 
650 |a Socialismo -  |z Rusia -  |x Historia 
650 |a Vida Cotidiana -  |z Rusia 
650 |a Estalinismo 
910 |a Fondo Armando Suárez Gómez 
920 |a Impresos - Libros 
930 |a Fondos Especiales 
905 |a 111 
901 |a 0700004016  |b IT2  |c ESP  |u 20250521 
902 |a https://opac.biblio.iteso.mx/vufind/Record/000073721